Valašské lidové tance

Hlavní autor: Jelínková, Zdenka, 1920-2005
Další autoři: Jurášek, Jaroslav, 1925-2005, Běhúnek, Jaromír, 1898-1965
Jazyk: Čeština
Vydáno: Praha : Státní nakladatelství krásné literatury, 1954
Edice: Národní tance. Malá řada
Externí odkaz: Digitalizovaný dokument
Fyzický popis: 34 s. + klavírní doprovody (8 s.) + partitury lidové hudby (43 s.)
Hudebniny Hudebniny
Uloženo v:
LEADER 01580ncm a22003252a 4500
001 000437288
003 CZ BrMZK
005 20160610152453.0
007 qu
008 990305s1954 xr f cze d
015 |a cnb000510606 
035 |a (OCoLC)85316839 
040 |a BOA001  |b cze 
072 7 |a 785  |x Instrumentální hudba. Symfonická hudba. Hudba pro více nástrojů  |2 Konspekt  |9 9 
100 1 |a Jelínková, Zdenka,  |d 1920-2005  |7 ola200205253  |4 com 
245 1 0 |a Valašské lidové tance  |h [hudebnina] /  |c Zdenka Jelínková ; klavírní doprovody vypracoval Fr. Bonuš ; partitury lid. hudby vypracoval J. Jurášek a J. Běhúnek. 
260 |a Praha :  |b Státní nakladatelství krásné literatury,  |c 1954 
300 |a 34 s. + klavírní doprovody (8 s.) + partitury lidové hudby (43 s.) 
490 1 |a Národní tance : malá řada ;  |v 4 
700 1 |a Jurášek, Jaroslav,  |d 1925-2005  |7 jk01052215  |4 arr 
700 1 |a Běhúnek, Jaromír,  |d 1898-1965  |7 jk01011377  |4 arr 
830 0 |a Národní tance.  |p Malá řada 
856 4 1 |u http://www.digitalniknihovna.cz/mzk/uuid/uuid:5ce345e0-872e-11e2-aa2b-005056827e51  |y Digitalizovaný dokument  |x NDK 
910 |a BOA001  |b Mus2-0319.136  |b PK-0002.429 
920 |a 000372591 
990 |a MU 
991 |b 201006 
996 7 |b 2619791767  |c Mus2-0319.136  |l MZK  |r Sklad / do 1 hodiny  |n 10  |w 000437288  |u 000010  |a 1  |e BOA001  |j MZK50  |s A 
996 7 |b 3119656118  |c PK-0002.429  |l MZK  |r Sklad / do 1 hodiny  |n 7  |w 000437288  |u 000040  |a 1  |e BOA001  |j MZK50  |s A 
996 7 |b 3119810760  |c PK-0002.429  |l MZK  |r Sklad / do 1 hodiny  |n 17  |w 000437288  |u 000030  |a 1  |e BOA001  |j MZK50  |s A